| 000 | 01893nam0a2200409 4500 | ||
|---|---|---|---|
| 001 | RU\NLR\bibl\1099785 | ||
| 005 | 20260405090915.0 | ||
| 010 | _a978-5-94280-274-5 | ||
| 021 |
_aRU _b2007-31288 _91661 |
||
| 035 | _a(nilc)RSL-KNO-003119567 | ||
| 035 | _a(NLR Aleph) 001086882 | ||
| 090 |
_a1093629 _c1093629 |
||
| 100 | _a20070522d2007 |||y0rusy50 ca | ||
| 101 | 0 | _arus | |
| 102 | _aRU | ||
| 105 | _aa zzzz||||| | ||
| 200 | 1 |
_aСчет 71. Операции с подотчетными лицами _eбухгалтерский и налоговый учет _fЮ. А. Соколов |
|
| 205 | _a4-е изд., перераб. и доп. | ||
| 210 |
_aМосква _cАльфа-Пресс _d2007 |
||
| 215 |
_a194, [1] с. _cтабл. _d20 |
||
| 606 | 1 |
_aПодотчетные суммы _xУчет _92091724 _3RU\NLR\auth\661265980 |
|
| 610 | 0 | _aЭкономика -- Учет -- Российская Федерация -- Бухгалтерский учет -- Учет труда -- Расчеты с рабочими и служащими по командировкам и служебным переводам | |
| 610 | 0 | _aподотчетные наличные денежные средства | |
| 610 | 0 | _aкомандировочные расходы | |
| 610 | 0 | _aпредставительские расходы | |
| 610 | 0 | _aоперационно-хозяйственные расходы | |
| 610 | 0 | _aрасходы на автотранспорт | |
| 686 |
_aУ052.9(2)20-146.453,0 _2rubbk |
||
| 686 | _aУ052.9(2)2-148.21 | ||
| 686 | _aУ052.9(2)2-146.45 | ||
| 700 | 1 |
_4070 _8rus _7ca _aСоколов _bЮ. А. _cэкономист _gЮрий Аронович _3RU\NLR\auth\7732431 _915439 |
|
| 801 | 0 |
_aRU _bРКП _c20070522 _grcr |
|
| 801 | 1 |
_aRU _bРГБ _c20070522 |
|
| 801 | 2 |
_aRU _bNLR _c20070619 _grcr |
|
| 942 | _cBOOK | ||
| 980 | _aNB | ||